| 000 | 00398nam a2200181Ia 4500 | ||
|---|---|---|---|
| 005 | 20240823010829.0 | ||
| 008 | 240823s9999||||xx |||||||||||||| ||und|| | ||
| 041 | _aENGLISH | ||
| 082 | _A828.809 | ||
| 100 | _a"Hardman,Malcolm" | ||
| 245 | 0 | _aRuskin and Bradford | |
| 250 | _a1st | ||
| 260 | _b"manchester,L" | ||
| 500 | _aYES | ||
| 650 |
_aStory _bEnglish |
||
| 942 | _cBK | ||
| 999 |
_c159771 _d159771 |
||